Budovanie Corporate Culture v subjektoch tanečného športu s aplikáciou na tanečný klub Sun Dance Academy n.o. diplomová práca

Salvato in:
Dettagli Bibliografici
Autore principale: Kováčiková, Kristína
Ente Autore: Obchodná fakulta EU. Katedra medzinárodného obchodu
Altri autori: Zorkóciová, Otília, 1954-
Natura: Libro
Lingua:slovacco
Pubblicazione: Bratislava 2008
Tags: Aggiungi Tag
Nessun Tag, puoi essere il primo ad aggiungerne!!

MARC

LEADER 00000nam$a2200000$$$4500
001 0085817
005 20240201114926.8
041 0 |a slo 
044 |a SK 
245 1 0 |a Budovanie Corporate Culture v subjektoch tanečného športu s aplikáciou na tanečný klub Sun Dance Academy n.o.  |b diplomová práca  |c Kristína Kováčiková ; škol. Otília Zorkóciová 
264 1 |a Bratislava  |c 2008 
300 |a 92 s. 
100 1 |a Kováčiková, Kristína 
700 1 |a Zorkóciová, Otília, 1954- 
710 2 |a Obchodná fakulta EU. Katedra medzinárodného obchodu